00192nam a22000857a 4500082001800000100000800018245005100026260001900077300001000096 a629.224 GMC'T aGMC aTRUCK MAINTENANCE MANUAL MODELS 1000 THRU 5000 aUSAbGMCc1965 a1120P